|
|
|
|
| LEADER |
00000Cam#a22000005a#4500 |
| 003 |
AR-RoUNA |
| 005 |
20250828134051.0 |
| 008 |
140529s2009||||ag|abdef |001 0|spa d |
| 040 |
|
|
|a AR-RoUNA
|b spa
|
| 044 |
|
|
|a ag
|
| 080 |
|
|
|a 72.036+74
|
| 092 |
|
|
|s Sala
|c 72.036+74
|l G615
|
| 100 |
1 |
|
|a Goytia, Noemi
|9 6694
|
| 245 |
1 |
0 |
|a Cuando la idea se construye :
|b procesos de diseño en la arquitectura de los siglos XIX y XX /
|c Noemi Goytia.
|
| 260 |
|
|
|a Cordoba :
|b [s.n.],
|c 2009.
|f Color Magenta grafica
|
| 300 |
|
|
|a 352 p. :
|b planos
|b dib.
|b plantas
|c 27 cm.
|
| 600 |
1 |
4 |
|a Barragan Morfin, Luis.
|9 6695
|
| 600 |
1 |
4 |
|a Cullen, Gordon.
|9 6696
|
| 600 |
1 |
4 |
|a Predock, Antoine.
|9 6697
|
| 600 |
1 |
4 |
|a Gambone de Dellavedova, Dora.
|9 6698
|
| 600 |
|
0 |
|a Saarinen, Eero,
|d 1910-1961
|9 13509
|
| 600 |
1 |
4 |
|9 6699
|a Ambasz, Emilio
|d 1943-
|
| 600 |
1 |
4 |
|a Safdie, Moshe.
|9 1917
|
| 600 |
|
0 |
|a Kahn, Louis I.,
|d 1901-1974.
|9 5309
|
| 600 |
1 |
4 |
|a Graves, Michael
|9 6427
|
| 600 |
1 |
4 |
|a Van Doesburg, Theo.
|9 6700
|
| 600 |
1 |
4 |
|a Bofill, Ricardo.
|9 5351
|
| 600 |
|
0 |
|a Wright, Frank Lloyd,
|d 1867-1959.
|9 6332
|
| 600 |
1 |
4 |
|a Fathy, Hassan,
|d 190?-1990.
|9 6701
|
| 600 |
|
0 |
|a Moneo, José Rafael
|d 1937-
|9 9785
|
| 600 |
|
0 |
|a Moore, Charles W.
|d 1925-1993.
|9 4655
|
| 600 |
|
0 |
|a Foster, Norman,
|c Sir,
|d 1935-.
|9 19981
|
| 600 |
|
0 |
|a Stirling, James,
|d 1926-1992.
|9 4656
|
| 600 |
1 |
4 |
|a Samona, Giuseppe.
|9 5550
|
| 600 |
|
0 |
|a Meier, Richard,
|d 1934-.
|9 6704
|
| 600 |
1 |
4 |
|a Cerda, Ildenfonso.
|9 6705
|
| 600 |
|
0 |
|a Otto, Frei,
|d 1925-.
|9 9527
|
| 600 |
|
0 |
|a Calatrava, Santiago,
|d 1951-.
|9 4554
|
| 600 |
|
7 |
|a Eisenman, Peter
|d 1932-
|9 2384
|
| 600 |
|
0 |
|a Mies van der Rohe, Ludwig,
|d 1886-1969.
|9 456
|
| 600 |
|
0 |
|a Nouvel, Jean,
|d 1945-.
|9 3129
|
| 600 |
|
0 |
|a Piano, Renzo,
|d 1937-.
|9 6707
|
| 600 |
|
0 |
|a Rogers, Richard,
|d 1933-2021
|9 3222
|
| 600 |
|
0 |
|a Zumthor, Peter
|d 1943-
|9 10399
|
| 600 |
|
7 |
|a Gehry, Frank O.
|d 1929-
|9 2388
|
| 648 |
4 |
0 |
|a Siglo XX
|9 286
|
| 648 |
4 |
0 |
|a Siglo XIX
|9 1473
|
| 650 |
4 |
|
|a Teoria de la arquitectura
|9 214
|
| 650 |
4 |
|
|a Arquitectura Moderna
|9 256
|
| 650 |
4 |
|
|a Arquitectura Contemporanea
|9 431
|
| 650 |
4 |
|
|a Patrimonio ambiental
|9 6709
|
| 650 |
4 |
|
|a Modernidad
|9 1261
|
| 650 |
4 |
|
|a Procesos de Diseño
|9 2196
|
| 650 |
4 |
|
|a Espacios Urbanos
|9 6592
|
| 650 |
4 |
|
|a Urbanismo
|9 5
|
| 650 |
4 |
|
|a Mobiliario
|9 976
|
| 653 |
|
|
|a Expo '92
|
| 653 |
|
|
|a Posmodernismo Norteamericano
|
| 653 |
|
|
|a Pabellon de Barcelona
|
| 653 |
|
|
|a Museo Guggenheim
|
| 653 |
|
|
|a Almacenes Schocken
|
| 653 |
|
|
|a Torre Einstein
|
| 653 |
|
|
|a Constructivismo
|
| 653 |
|
|
|a Escuela de Bellas Artes
|
| 653 |
|
|
|a Casa Robie (Wright, Frank Lloyd)
|
| 653 |
|
|
|a Casa de la Cultura
|
| 653 |
|
|
|a High Tech
|
| 653 |
|
|
|a Beaux Arts
|
| 653 |
|
|
|a Constructivismo
|
| 653 |
|
|
|a Futurismo
|
| 653 |
|
|
|a Posmodernidad
|
| 653 |
|
|
|a Biblioteca Exeter
|
| 653 |
|
|
|a Casa Batlle
|
| 653 |
|
|
|a Casa Mila
|
| 653 |
|
|
|a New Town
|
| 653 |
|
|
|a Casa Smith
|
| 653 |
|
|
|a Ciudades Nuevas Inglesas
|
| 653 |
|
|
|a Aeropuerto Stansted
|
| 653 |
|
|
|a Centro Renault
|
| 653 |
|
|
|a Residencia Olivetti
|
| 653 |
|
|
|a Casa Saltzman
|
| 653 |
|
|
|a Centro Aronoff
|
| 653 |
|
|
|a Centro Ircam
|
| 653 |
|
|
|a Torre Sin Fin
|
| 653 |
|
|
|a Arco de la Defensa
|
| 653 |
|
|
|a Ensanche de Barcelona
|
| 653 |
|
|
|a Ciudad Jardin
|
| 653 |
|
|
|a Familisterio
|
| 600 |
|
0 |
|a Gaudí, Antoni
|d 1852-1926
|9 1378
|
| 600 |
1 |
0 |
|a Aalto, Alvar
|d 1898-1976
|9 1924
|
| 600 |
0 |
7 |
|a Le Corbusier,
|d 1887-1965
|9 24540
|
| 930 |
|
|
|e 8378
|
| 942 |
|
|
|c LIB
|
| 945 |
|
|
|a MTC
|
| 999 |
|
|
|c 4883
|d 4883
|
| 980 |
|
|
|8 5
|g María Machado
|